000
00336nam a2200145Ia 4500
008
150201s2009 xx 000 0 und d
082
_a
611
_b
A09T
100
_a
TANK,PATRICK W
245
_a
ATLAS OF ANATOMY
250
_a
1ST
260
_b
WOLTER KLUWER
_a
DELHI
_c
2009
300
_a
1-432
650
_a
HUMAN ANATOMY
942
_2
ddc
_c
BK
_0
4
999
_c
547
_d
547